| 000 | 00494nam a2200169 4500 | ||
|---|---|---|---|
| 001 | 136587 | ||
| 003 | ES-MaACL | ||
| 005 | 20230906195156.0 | ||
| 007 | t| | ||
| 008 | 070214s1922 fr r ||||1| fre d | ||
| 100 | 1 |
_aRyss, Pierre. _9101114 |
|
| 245 | 1 | 2 |
_aL'expérience russe / _cPierre Ryss ; traduction française et preface de Raoul Labry. |
| 260 |
_aParis : _bPayot et Cie., _c1922. |
||
| 300 |
_aXXXI, 254 p. ; _c19 cm. |
||
| 700 | 1 |
_aLabry, Raoul. _969305 |
|
| 852 |
_aES-MaACL _jG-3279 |
||
| 999 |
_c136587 _d136587 |
||